| 000 | 00597cam a22002171a 4500 | ||
|---|---|---|---|
| 001 | sa 65006922 | ||
| 003 | DLC | ||
| 005 | 20260227112146.0 | ||
| 008 | 891003s1964 ii 000 0 urdo | ||
| 010 | _asa 65006922 | ||
| 035 | _a(OCoLC)20434605 | ||
| 040 |
_aDLC _cWaU _dWU _dDLC |
||
| 042 | _apremarc | ||
| 050 | 0 | 0 |
_aPK2200.M322 _bM3 |
| 100 | 0 |
_aMajaāz, _d1911-1955. |
|
| 245 | 1 | 0 | _aMajāz aur uskī shāʻirī / [murattib] Parkāsh Panḍit. |
| 260 |
_aDihlī : _bStār Pablikeshanz, _c[1964?] |
||
| 300 |
_a131 p. ; _c17 cm. |
||
| 546 | _aIn Urdu. | ||
| 500 | _aText partially vocalized. | ||
| 999 |
_c64938 _d64938 |
||